000 00343nam a2200133Ia 4500
008 100328s9999 xx 000 0 und d
082 _b31356
100 _aहसमनीस द.का.
245 _aचिंगळी
260 _bगुलमोहर
630 _aचिंगळी
730 _aचिंगळी
942 _cBOOK
999 _c522288
_d522285